Focus on cocoa
| Main Author: | |
|---|---|
| Format: | Book |
| Published: |
England :
Wayland ,
1988
|
| Series: | Focus on Recources Series
|
| Subjects: |
MARC
| LEADER | 00000cam a2200000 7i4500 | ||
|---|---|---|---|
| 001 | 0000004470 | ||
| 002 | 000004814 | ||
| 005 | 20060123.0 | ||
| 020 | |a 1852100737 | ||
| 090 | 0 | 0 | |a 333.7 |b FOC |
| 100 | 1 | |a Rickard, Graham | |
| 245 | 1 | 0 | |a Focus on cocoa |a Graham Rickard |
| 260 | |a England : |b Wayland , |c 1988 | ||
| 300 | |a 48p. : |b ill. ; |c 22cm. | ||
| 490 | 0 | |a Focus on Recources Series | |
| 650 | 0 | 0 | |a Chocolate & cocoa |x Juvenile literature |
| 999 | |a 032794 |b BUKU |c JUNIOR BOOKS |e PERPUSTAKAAN KOMUNITI PETALING JAYA | ||